|
|
|
|
| LEADER |
00000nam a2200000 a 4500 |
| 001 |
vtls001292936 |
| 003 |
SK-MaSNL |
| 005 |
20260301113601.0 |
| 008 |
160415s1997 xo a y 0 slo |
| 015 |
|
|
|a SNBF1997/04-01429
|
| 035 |
|
|
|a SNK000244688
|
| 040 |
|
|
|a SNK
|b slo
|c SNK
|e AACR2
|
| 041 |
0 |
|
|a slo
|a eng
|
| 044 |
|
|
|a xo
|c SK
|
| 080 |
|
|
|a 661.12:658.11(085)"1992/1997"=854=20
|2 1981
|
| 080 |
|
|
|a 658.11
|2 1981
|
| 110 |
2 |
|
|a Hoechst-Biotika (Martin, Slovensko)
|4 aut
|9 32207
|
| 245 |
1 |
0 |
|a Hoechst - Biotika spol. s r.o.
|b [profil]
|c Štefan Straka, Helena Šišková, Ivan Riabič
|
| 260 |
|
|
|a Martin
|b Ivart
|c 1997
|
| 300 |
|
|
|a [16] s.
|b fotogr., mp., tab.
|c 30 cm
|
| 500 |
|
|
|a Súbež. názov a text angl.
|
| 610 |
2 |
7 |
|a Hoechst-Biotika (Martin, Slovensko)
|2 SNKKA
|9 32207
|
| 648 |
|
7 |
|a 1992-1997
|2 SNKPH
|9 389531
|
| 655 |
|
7 |
|a pamätnice
|2 SNKPH
|9 282423
|
| 700 |
1 |
|
|a Riabič, Ivan,
|d 1952-
|4 aut
|9 37151
|
| 700 |
1 |
|
|a Šišková, Helena,
|d 1954-
|4 pht
|9 215054
|
| 700 |
1 |
|
|a Straka, Štefan,
|d 1932-
|4 trl
|9 197191
|
| 958 |
|
|
|a FVY
|
| 958 |
|
|
|a TL
|
| 958 |
|
|
|a BQ
|
| 999 |
|
|
|c 714799
|d 716729
|
| 952 |
|
|
|t P60, <03>, [BOOK], {603}
|a SNK
|b SNK
|y PREZ
|7 0
|p 17A0077551
|o snkOSB 11430
|i snkKSP 7236/97
|0 0
|1 0
|4 0
|d 1997-07-04
|l 0
|r 2005-01-02 00:00:00
|w 2026-02-23
|
| 952 |
|
|
|t P60, <04>, [BOOK], {604}
|a SNK
|b SNK
|y VYP
|7 0
|p 17A0077501
|o snkOSB 11430 D1
|i snkKSP 7237/97
|0 0
|1 0
|4 0
|d 1997-07-04
|l 0
|r 2005-01-02 00:00:00
|w 2026-02-23
|